| 000 | 05375nam a2200253 4500 | ||
|---|---|---|---|
| 003 | vecauma | ||
| 005 | 20260313195254.0 | ||
| 007 | ta | ||
| 008 | 260313b ve ||||| |||| 00| 0 spa d | ||
| 020 | _a9685002037 | ||
| 040 |
_avecauma _bspa _cvecauma _dvecauma _erda |
||
| 041 | _aspa | ||
| 100 | 1 | _eautor | |
| 245 | 1 |
_aEl despertar de las sociedades democráticas _c/Michael Novak |
|
| 264 |
_aMéxico: _bInstituto cultural Ludwig von Mises; _c1999. |
||
| 300 | _a208 páginas. | ||
| 336 |
_atexto _btxt _2rdacontenido |
||
| 337 |
_ano mediado _bn _2rdamedio |
||
| 338 |
_avolumen _bnc _2rdasoporte |
||
| 505 | 0 | _aMichael Novak: un esfuerzo de fundamentación / Una visión diferenciada del neoliberalismo y de la tercera vía / De América como un proyecto del mercado a América como proyecto religioso y cultural / Una modalidad de resurgimiento católico norteamericano / 1.Capitalismo, socialismo y religión: un examen de la riqueza espiritual de las naciones / Los logros históricos del capitalismo democrático De la práctica a la teoría / 2. Los valores judeocristianos característicos de las libertades económicas / La necesidad de la teoría / La religión y la política pública / Las deficiencias del intelecto / Una visión del futuro. / Jacques Maritain: una nueva teoría / Concepto de un orden social / Un concepto triple de orden social / El sistema económico / La diferenciación en las instituciones sociales / La separación de los sistemas / Distinciones estructurales / Más allá del sistema económico / La interdependencia de los sistemas económico y moral-cultural / El significado moral de la riqueza / La justicia productiva / Capitalismo democrático / Una ideología de la economía / Cristianismo y capitalismo democrático / Transformación interna del capitalismo / La influencia judeocristiana en el orden económico / Las fallas del socialismo / Conflictos conceptuales entre el capitalismo y el socialismo / El papel del capitalismo / Las raíces del capitalismo en los Evangelios / En busca de raíces económicas / El individuo comunitario / La naturaleza social del hombre / La probabilidad emergente / El pecado Conclusión / 3. El espíritu del capitalismo democrático / 4. El sistema cultural del capitalismo democrático / La comunidad / La teoría olvidada / La comunidad en la práctica / El individuo comunitario / El problema anglosajón / El ataque a la burguesía / La familia / El orden económico / El orden político / El orden moral cultural / 5. Una teología del capitalismo democrático / La importancia de los ideales / Seis doctrinas teológicas / La Trinidad / La Encarnación / La competencia / El pecado original / La separación de los reinos / La caridad / Bajo el imperio de Dios / 6. El despertar del nihilismo / Cuatro lecciones del siglo XX que nos preparan para el siglo XXI / Primera lección: La verdad cuenta / Segunda y tercera lecciones prácticas / Cuarta lección: La ecología de la libertad / ¿Qué debemos hacer? / | |
| 520 | 3 | _aMichael Novak El Dr. Michael Novak ha sido merecedor de numerosos reconocimientos entre los más destacados se encuentran el Templeton Prize for Progress in Religion que recibió en 1994 en el Palacio de Buckingham, el Boyer Award del American Enterprise Institute en 1999, el International Award de la Institution for World Capitalism en 1994. El Dr. Novak es teólogo, político autor de más de 25 libros que han tenido una relevante influencia principalmente en filosofía y teología de la cultura, numerosas monografías y artículos en revistas de prestigio internacional. Sus escritos han aparecido en los principales idiomas del occidente, en bengalí, coreano y japonés. Su obra maestra The Spirit of Democratic Capitalism (El espíritu del capitalismo democrático) fue merecedora del Anthony Fisher Prize otorgado por la Atlas Economic Research Foundation. Este libro ha revolucionado el pensamiento del mundo gracias a sus importantes aportaciones en la filosofía y el ethos del sistema de economía de mercado. Ofrece una nueva y original visión de la vida en libertad, de la generación de riqueza, así como un profundo análisis de las sociedades antidemocráticas del siglo XX. Esta obra ha sido publicada en Estados Unidos, Latinoamérica, secretamente en Polonia en 1984, y recientemente en Checoslovaquia, Alemania, China y Hungría. Entre los muchos nombramientos importantes que ha tenido Michael Novak figuran el haber sido Embajador de la Delegación estadounidense en la Comisión de Derechos Humanos de la ONU en Ginebra, 1981-1982; y haber encabezado la Delegación de los Estados Unidos para la Conferencia en Seguridad y Cooperación en Europa, 1986. Cuenta con dos licenciaturas, una en filosofía e inglés de Stonehill College (1956) y otra en teología de la Universidad Gregoriana en Roma (1958), recibió en ambas la mención honorífica. Continuó con sus estudios de teología en la Catholic University y posteriormente realizó sus estudios de maestría en historia y filosofía de la religión en Harvard University (1966). Actualmente es director de estudios sociales y políticos en el American Enterprise Institute en Washington, D.C. | |
| 942 | 1 |
_2lcc _n0 _cBK |
|
| 999 |
_c13258 _d13258 |
||